| 000 -LEADER |
| fixed length control field |
01156cam a2200277 a 4500 |
| 020 ## - INTERNATIONAL STANDARD BOOK NUMBER |
| ISBN |
0124476503 (v. 1) |
| 020 ## - INTERNATIONAL STANDARD BOOK NUMBER |
| ISBN |
9780124476509 (v. 1) |
| 020 ## - INTERNATIONAL STANDARD BOOK NUMBER |
| ISBN |
0124476023 |
| 020 ## - INTERNATIONAL STANDARD BOOK NUMBER |
| ISBN |
9780124476028 |
| 040 ## - CATALOGING SOURCE |
| Transcribing agency |
DLC |
| 082 ## - DEWEY DECIMAL CLASSIFICATION NUMBER |
| Classification number |
582 ACA 1978 A061 Or. |
| 245 00 - TITLE STATEMENT |
| Title |
Plant cold hardiness and freezing stress : |
| Remainder of title |
mechanisms and crop implications / |
| 260 ## - PUBLICATION, DISTRIBUTION, ETC. (IMPRINT) |
| Place of publication |
New York : |
| Name of publisher |
Academic Press, |
| Year of publication |
1978- |
| 300 ## - PHYSICAL DESCRIPTION |
| Number of Pages |
v. <1> : |
| Other physical details |
ill. ; |
| Dimensions |
24 cm. |
| 500 ## - GENERAL NOTE |
| General note |
Proceedings of an international plant cold hardiness seminar held in St. Paul, Minn., Nov. 2-4, 1977 and sponsored by United States National Science Foundation, Japan Society for the Promotion of Science, and College of Agriculture, University of Minnesota. |
| 520 ## - SUMMARY, ETC. |
| Summary, etc |
Includes a summary of the papers presented at the First European International Symposium on 'Winter Hardiness in Woody Perennials', September 1977. |
| 650 #0 - SUBJECT ADDED ENTRY--TOPICAL TERM |
| Topical Term |
Plants |
| 650 #0 - SUBJECT ADDED ENTRY--TOPICAL TERM |
| Topical Term |
Plants |
| 650 #0 - SUBJECT ADDED ENTRY--TOPICAL TERM |
| Topical Term |
Crops and climate |
| 700 1# - ADDED ENTRY--PERSONAL NAME |
| Personal name |
Li, P. H. |
| 700 1# - ADDED ENTRY--PERSONAL NAME |
| Personal name |
Sakai, A. |
| 710 2# - ADDED ENTRY--CORPORATE NAME |
| Corporate name or jurisdiction name as entry element |
National Science Foundation (U.S.) |
| 710 2# - ADDED ENTRY--CORPORATE NAME |
| Corporate name or jurisdiction name as entry element |
Nihon Gakujutsu Shink¿kai. |
| 710 2# - ADDED ENTRY--CORPORATE NAME |
| Corporate name or jurisdiction name as entry element |
University of Minnesota. |
| 942 ## - ADDED ENTRY ELEMENTS (KOHA) |
| Koha item type |
សៀវភៅភាសាអង់គ្លេស |
| 952 ## - LOCATION AND ITEM INFORMATION (KOHA) |
| Withdrawn status [LOCAL, KOHA] |
0 |